Development and Testing of a Visible and IR Spectrum Obscurant Pyrotechnic Smoke Composition for Military Use / (Record no. 534528)

000 -LEADER
fixed length control field 00589nam a22001577a 4500
020 ## - INTERNATIONAL STANDARD BOOK NUMBER
Qualifying information Hard Cover.
082 ## - DEWEY DECIMAL CLASSIFICATION NUMBER
Classification number 620.11
100 ## - MAIN ENTRY--PERSONAL NAME
Personal name Syed Muhammad Sherazi.
245 ## - TITLE STATEMENT
Title Development and Testing of a Visible and IR Spectrum Obscurant Pyrotechnic Smoke Composition for Military Use /
Statement of responsibility, etc. Syed Muhammad Sherazi.
260 ## - PUBLICATION, DISTRIBUTION, ETC.
Place of publication, distribution, etc. Islamabad :
Name of publisher, distributor, etc. SCME - NUST,
Date of publication, distribution, etc. 2015.
300 ## - PHYSICAL DESCRIPTION
Extent ix, 63 p. ill. :
Dimensions 30cm.
942 ## - ADDED ENTRY ELEMENTS (KOHA)
Source of classification or shelving scheme
Koha item type Thesis
650 ## - SUBJECT ADDED ENTRY--TOPICAL TERM
Topical term or geographic name entry element Energetic Materials Engineering - MS Thesis.
700 ## - ADDED ENTRY--PERSONAL NAME
Personal name Dr. Abdi; Qadeer Malik.
650 ## - SUBJECT ADDED ENTRY--TOPICAL TERM
-- 28358
700 ## - ADDED ENTRY--PERSONAL NAME
-- 28720
Holdings
Withdrawn status Lost status Source of classification or shelving scheme Damaged status Not for loan Permanent Location Current Location Shelving location Date acquired Total Checkouts Full call number Barcode Date last seen Price effective from Koha item type
          Central Library (CL) Central Library (CL) Thesis 03/01/2020   620.11 CL-T-5280 03/01/2020 03/01/2020 Thesis
© 2023 Central Library, National University of Sciences and Technology. All Rights Reserved.